000
00225 a2200097 4500
001
38629
100
_a
Tariq Ismail Sagar
245
_a
Wadi Lahoo Rang
260
_a
New Delhi
_b
Satya Parakashan
_c
1995
090
_c
24497
_d
24497
942
_a
NUST-CAE
_c
M
_c
16110
999
_c
273702
_d
273702